[Event "Andorra op 41st"]
[Site "Escaldes"]
[Date "2025.07.20"]
[Round "2"]
[White "Ostensen, Nicolai Maxime"]
[Black "Gowrishankar, Jayaraj"]
[Result "1/2-1/2"]
[WhiteElo "2326"]
[BlackElo "2092"]
[PlyCount "85"]
[EventDate "2025.07.19"]
[EventType "swiss"]
[EventRounds "9"]
[EventCountry "AND"]
[SourceTitle "CB31_2025"]
[SourceDate "2025.07.30"]
[SourceVersion "1"]
[SourceVersionDate "2025.07.30"]
[SourceQuality "1"]

1. e4 c5 2. Nf3 d6 3. Bb5+ Bd7 4. Bxd7+ Qxd7 5. c4 Nf6 6. Nc3 Nc6 7. d4 cxd4 8. Nxd4 g6 9. f3 Bg7 10. Be3 Rc8 11. b3 0-0 12. 0-0 a6 13. Qd3 Ne5 14. Qe2 b5 15. Nd5 Nxd5 16. cxd5 Qb7 17. Rac1 Nd7 18. Nc6 Nb8 19. Na5 Qd7 20. Qd2 h5 21. h3 Be5 22. Kf2 f5 23. exf5 Qxf5 24. Ke2 e6 25. g4 hxg4 26. hxg4 Qf7 27. Rxc8 Rxc8 28. Rc1 Rxc1 29. Qxc1 exd5 30. Qc8+ Qf8 31. Qb7 d4 32. Bxd4 Bxd4 33. Qd5+ Qf7 34. Qxd4 Qc7 35. b4 Nd7 36. Qd5+ Kg7 37. Kd2 Qb6 38. Qb7 Qf2+ 39. Kd3 Qf1+ 40. Ke3 Qe1+ 41. Kd3 Qd1+ 42. Ke4 d5+ 43. Kf4 1/2-1/2

[Event "Goa op"]
[Site "Taleigao"]
[Date "2025.01.11"]
[Round "1"]
[White "Agibileg, Uurtsaikh"]
[Black "Gowrishankar, Jayaraj"]
[Result "1-0"]
[WhiteElo "2392"]
[BlackElo "2011"]
[PlyCount "98"]
[EventDate "2025.01.11"]
[EventType "swiss"]
[EventRounds "10"]
[EventCountry "IND"]
[SourceTitle "CB04_2025"]
[SourceDate "2025.01.22"]
[SourceVersion "1"]
[SourceVersionDate "2025.01.22"]
[SourceQuality "1"]

1. d4 d5 2. c4 e6 3. Nc3 Nf6 4. cxd5 exd5 5. Bg5 Bb4 6. e3 h6 7. Bh4 g5 8. Bg3 Ne4 9. Qc2 h5 10. f3 Nxg3 11. hxg3 Be6 12. e4 dxe4 13. 0-0-0 c6 14. fxe4 Qa5 15. d5 Bg4 16. Be2 Bxc3 17. Qxc3 Qxc3+ 18. bxc3 Bxe2 19. Nxe2 cxd5 20. Rxd5 f6 21. e5 Nd7 22. exf6 Nxf6 23. Re5+ Kf7 24. Rxg5 Rhg8 25. Rf5 Rae8 26. Nf4 Kg7 27. Rd1 Re7 28. Rd6 Ne4 29. Rg6+ Kh8 30. Rxh5+ Rh7 31. Rxh7+ Kxh7 32. Rxg8 Kxg8 33. Ne2 Kf7 34. Kc2 Ke6 35. Kd3 Kd5 36. Nf4+ Ke5 37. Ng6+ Kf5 38. g4+ Kxg6 39. Kxe4 Kg5 40. Kf3 b5 41. Kg3 a5 42. Kf3 b4 43. cxb4 axb4 44. Kg3 Kg6 45. Kf4 Kf6 46. g5+ Kg6 47. Kg4 Kg7 48. Kf5 Kf7 49. g6+ Kg7 1-0

[Event "IND-ch U15 49th"]
[Site "Hosur"]
[Date "2024.11.11"]
[Round "11"]
[White "Gowrishankar, Jayaraj"]
[Black "Arul Prakash, N."]
[Result "0-1"]
[WhiteElo "1938"]
[BlackElo "2131"]
[PlyCount "94"]
[EventDate "2024.11.03"]
[EventType "swiss"]
[EventRounds "11"]
[EventCountry "IND"]
[SourceTitle "CB45_2024"]
[Source "ChessBase"]
[SourceDate "2024.11.06"]
[SourceVersion "1"]
[SourceVersionDate "2024.11.06"]
[SourceQuality "1"]

1. e4 c5 2. Nf3 Nc6 3. g3 Nf6 4. d3 d5 5. Nbd2 e6 6. Bg2 Be7 7. 0-0 0-0 8. e5 Nd7 9. Re1 Qc7 10. Qe2 b5 11. Nf1 a5 12. h4 Ba6 13. N1h2 Rfc8 14. Bf4 b4 15. Ng4 c4 16. Qd2 c3 17. bxc3 bxc3 18. Qc1 Bf8 19. Ng5 h6 20. Nh3 Rab8 21. Bxh6 Ncxe5 22. Bf4 Bd6 23. Nxe5 Nxe5 24. Qe3 Nd7 25. Bxd6 Qxd6 26. h5 d4 27. Qg5 Rc5 28. Qh4 Bb7 29. Bxb7 Rxb7 30. h6 Ne5 31. Kg2 Ng6 32. Qg4 gxh6 33. Re4 h5 34. Qf3 Qc6 35. Qf6 Rd7 36. Rb1 Qa8 37. Rbe1 Rf5 38. Qxg6+ fxg6 39. Nf4 e5 40. Nxg6 Rg7 41. Nh4 Rf4 42. Nf3 Rxe4 43. Rxe4 Re7 44. Kf1 Qd5 45. a3 Qa2 46. Nxd4 exd4 47. Rxe7 Qxc2 0-1

[Event "Abu Dhabi op-B 30th"]
[Site "Abu Dhabi"]
[Date "2024.08.16"]
[Round "2"]
[White "Gowrishankar, Jayaraj"]
[Black "Aditya, Varun Gampa"]
[Result "1/2-1/2"]
[WhiteElo "1924"]
[BlackElo "2261"]
[PlyCount "33"]
[EventDate "2024.08.15"]
[EventType "swiss"]
[EventRounds "9"]
[EventCountry "UAE"]
[SourceTitle "EXT 2025"]
[Source "ChessBase"]
[SourceDate "2024.10.14"]
[SourceVersion "1"]
[SourceVersionDate "2024.10.14"]
[SourceQuality "1"]

1. e4 c5 2. Nf3 e6 3. g3 Nc6 4. Bg2 Nf6 5. Nc3 d5 6. exd5 exd5 7. d4 cxd4 8. Nxd4 Bg4 9. Nxc6 bxc6 10. Qd4 Be7 11. 0-0 0-0 12. Na4 Qc8 13. Re1 c5 14. Qe5 Re8 15. Bf4 Bh3 16. Qc7 Bxg2 17. Qxc8 1/2-1/2